000 00484nam a2200169 i 4500
001 21247
003 ES-MaACL
005 20230906152438.0
007 t|
008 021122s1973 sp ||||1| spa d
100 1 _aAdam Cruz, Fernando.
_918368
245 1 0 _aIrse tiene sus fronteras /
_cFernando Adam.
260 _aGranada :
_bUniversidad de Granada,
_c1973.
300 _a77 p., 2 lám. ;
_c21 cm.
500 _aPremio García Lorca 1972.
852 _aES-MaACL
_jC-54785
_bR.87518
999 _c21247
_d21247